000 00654nam a2200241Ia 4500
003 OSt
005 20221006142706.0
006 a|||||r|||| 00| 0
007 ta
008 221006b |||||||| |||| 00| 0 eng d
020 _cP2.11
024 _a6,961
037 _cTextual
040 _aEASL
_cEASL
_beng
041 _2eng
_aeng
082 _aP42,N,9D:3, K6
100 _aJORDEN Eleanor Harz
_9648195
245 0 _aSyntax of modern colloquial Japanese
260 _aNew York
_bKraus Reprint Corporation
_c1966
300 _a135p.
_ccm.
942 _hP42,N,9D:3, K6
_cTEXL
_2CC
999 _c1075047
_d1075047